[Event "DFEM 2003"]
[Site "Altenkirchen"]
[Date "2003.08.01"]
[Round "8"]
[White "Skibbe, Diana"]
[Black "Lorenz, Oda"]
[Result "0-1"]
[WhiteElo "2105"]
[BlackElo "1962"]
[PlyCount "154"]

1. e4 e5 2. Nf3 Nc6 3. Bc4 Bc5 4. c3 Nf6 5. d4 exd4 6. cxd4 Bb4+ 7. Nc3 O-O 8.
O-O Bxc3 9. bxc3 Nxe4 10. d5 Ne7 11. Re1 Nf6 12. Bg5 Ng6 13. d6 cxd6 14. Qxd6
Qb6 15. Qxb6 axb6 16. Bxf6 gxf6 17. Rad1 Ra5 18. Bb3 Rc5 19. c4 b5 20. cxb5
Rxb5 21. Rd6 Kg7 22. Bd5 Nf4 23. Bb3 Rc5 24. Nd2 b5 25. f3 Rc1 26. Rxc1 Ne2+
27. Kf2 Nxc1 28. Bd5 Re8 29. Ne4 f5 30. Nf6 Nd3+ 31. Kg3 f4+ 32. Kh3 Re5 33.
Kg4 Re2 34. Nh5+ Kf8 35. Bb3 Rxg2+ 36. Kh3 Rd2 37. Kh4 Rxh2+ 38. Kg5 Ne5 39.
Nxf4 Nxf3+ 40. Kg4 Ne5+ 41. Kg3 Rh1 42. Rd5 Ng6 43. Rxb5 Nxf4 44. Kxf4 Rf1+ 45.
Kg5 Kg7 46. Rd5 f6+ 47. Kh5 Rh1+ 48. Kg4 h5+ 49. Kf4 Rh4+ 50. Kg3 Rg4+ 51. Kh2
h4 52. a4 Kf8 53. Bd1 Rb4 54. a5 Ke7 55. Rh5 d6 56. Bf3 Ra4 57. Rh7+ Ke6 58.
Rh8 Ba6 59. Re8+ Kf5 60. Rd8 Ke5 61. Rh8 Ra2+ 62. Kh3 Bf1+ 63. Kg4 Ra4+ 64. Kh5
h3 65. Kg6 Ra2 66. Rh5+ Kf4 67. Bb7 Kg3 68. Kxf6 Bg2 69. a6 d5 70. Rg5+ Kf2 71.
Ke5 h2 72. Rxg2+ Kxg2 73. Bxd5+ Kg1 74. Bxa2 h1=Q 75. Bd5 Qh5+ 76. Kd6 Qg6+ 77.
Be6 Qd3+ 0-1

[Event "DFEM 2003"]
[Site "Altenkirchen"]
[Date "2003.08.01"]
[Round "8"]
[White "Storkebaum, Ulrike"]
[Black "Vollak, Marleen"]
[Result "0-1"]
[WhiteElo "1747"]
[BlackElo "1454"]
[PlyCount "134"]

1. e4 c5 2. Nf3 e6 3. d4 cxd4 4. Nxd4 a6 5. Nc3 Qc7 6. Be3 Nf6 7. f3 Bc5 8. Qd2
b5 9. g4 d6 10. g5 Nfd7 11. f4 Bb7 12. Bd3 Nb6 13. Rf1 Nc4 14. Bxc4 bxc4 15. a3
Nd7 16. Qe2 Ba7 17. Rb1 Nb6 18. h4 d5 19. Bg1 dxe4 20. Nxe4 O-O-O 21. Rd1 Kb8
22. Bh2 Ka8 23. Nf3 Qc6 24. Nc3 Nd5 25. Nxd5 exd5 26. Kd2 Rhe8 27. Ne5 Qc5 28.
Bg1 Qa5+ 29. c3 Qb5 30. Kc1 Bxg1 31. Rxg1 f6 32. gxf6 gxf6 33. Qh5 fxe5 34.
fxe5 Re7 35. Rdf1 Rde8 36. Rf5 Bc8 37. Rfg5 Qb8 38. Re1 Rf8 39. Qh6 Rf2 40.
Qc6+ Qb7 41. Qxb7+ Bxb7 42. h5 Rh2 43. e6 Kb8 44. Rf5 Kc7 45. Kb1 Kd6 46. Rg5
Bc8 47. Ka2 Bxe6 48. Rge5 a5 49. a4 h6 50. Ka3 Rh4 51. Ka2 Re4 52. R5xe4 dxe4
53. Rxe4 Bf7 54. Rd4+ Kc6 55. Rf4 Bd5 56. Rf6+ Re6 57. Rf4 Kd6 58. b3 cxb3+ 59.
Ka3 Kc5 60. Rf2 Kc4 61. Kb2 Re5 62. Rf4+ Kc5 63. Rf8 Re2+ 64. Kc1 b2+ 65. Kd1
Rh2 66. Rb8 Ba2 67. Rc8+ Kb6 0-1

[Event "DFEM 2003"]
[Site "Altenkirchen"]
[Date "2003.08.01"]
[Round "8"]
[White "Hund, Isabel"]
[Black "Fuchs, Antje"]
[Result "1/2-1/2"]
[WhiteElo "2091"]
[BlackElo "2103"]
[PlyCount "125"]

1. e4 d6 2. f4 Nf6 3. Nc3 g6 4. Nf3 Bg7 5. Be2 O-O 6. O-O c5 7. d3 Nc6 8. h3
Rb8 9. Be3 Nd7 10. f5 b5 11. Qd2 b4 12. Nd1 Nd4 13. c3 bxc3 14. bxc3 Nxe2+ 15.
Qxe2 Ba6 16. Qd2 Rb7 17. fxg6 fxg6 18. Nf2 Qa5 19. Rac1 Rfb8 20. Bh6 Rb2 21.
Qg5 Bf6 22. Qd5+ Kh8 23. Ng5 Ne5 24. Ng4 Qxa2 25. Qxa2 Rxa2 26. Nxf6 exf6 27.
Rxf6 Bxd3 28. Rxd6 Bc4 29. Rcd1 Nf7 30. Nxf7+ Bxf7 31. Rd8+ Rxd8 32. Rxd8+ Bg8
33. Rd7 Be6 34. Re7 Bc4 35. Re8+ Bg8 36. Re7 Bc4 37. Re8+ Bg8 38. Be3 Ra5 39.
Rc8 Kg7 40. Bxc5 a6 41. Bd4+ Kf7 42. Kf2 h5 43. h4 g5 44. Rc7+ Kf8 45. Bc5+ Ke8
46. Re7+ Kd8 47. Rg7 Ra2+ 48. Ke3 Be6 49. Rxg5 Bg4 50. g3 Kd7 51. Bb4 Rg2 52.
Rg7+ Kc6 53. Rg6+ Kb5 54. Rxg4 hxg4 55. Kf4 a5 56. Bxa5 Kxa5 57. h5 Kb5 58.
Kxg4 Kc5 59. h6 Kd6 60. Kf5 Rxg3 61. h7 Rh3 62. Kg6 Ke6 63. Kg7 1/2-1/2

[Event "DFEM 2003"]
[Site "Altenkirchen"]
[Date "2003.08.01"]
[Round "8"]
[White "Specht, Maria"]
[Black "Wraga, Teresa"]
[Result "1-0"]
[WhiteElo "2009"]
[BlackElo "1563"]
[PlyCount "121"]

1. d4 Nf6 2. e3 c5 3. Bd3 g6 4. c3 b6 5. e4 Bb7 6. f3 cxd4 7. cxd4 Bg7 8. Ne2
O-O 9. O-O d6 10. Nbc3 Nbd7 11. Be3 a6 12. Rc1 b5 13. Ng3 Ne8 14. a3 e5 15. d5
Nc5 16. Bb1 Bc8 17. b4 Nb7 18. a4 f5 19. f4 exf4 20. Bxf4 g5 21. Bd2 f4 22. Nf5
Be5 23. axb5 axb5 24. Qh5 Ng7 25. Nh6+ Kh8 26. Nf7+ Kg8 27. Nxd8 Nxh5 28. Nxb7
Bxb7 29. Bd3 Nf6 30. Bxb5 Ba6 31. Bxa6 Rxa6 32. Rfe1 Bd4+ 33. Kh1 Ng4 34. Nd1
Rf6 35. Bc3 Be5 36. Bxe5 Nxe5 37. Rb1 Ra3 38. b5 f3 39. gxf3 Nxf3 40. Re2 Nh4
41. Ne3 Ra8 42. b6 Rb8 43. b7 Rf7 44. Reb2 Kg7 45. Nc4 Rd7 46. Na5 Rf7 47. Nc6
Rbf8 48. Kg1 Nf3+ 49. Kf2 Nd2+ 50. Ke3 Nxb1 51. Rxb1 Rf2 52. b8=Q R8f3+ 53. Kd4
Rd2+ 54. Kc4 Rc2+ 55. Kb4 Rfc3 56. Qc7+ Kh6 57. Qxd6+ Kh5 58. e5 g4 59. e6 Rh3
60. Qe5+ Kh4 61. Qf6+ 1-0

[Event "DFEM 2003"]
[Site "Altenkirchen"]
[Date "2003.08.01"]
[Round "8"]
[White "Nattermueller, Irina"]
[Black "von Herman, Brigitte"]
[Result "1/2-1/2"]
[WhiteElo "2166"]
[BlackElo "2054"]
[PlyCount "186"]

1. e4 e5 2. Nf3 Nc6 3. Bb5 a6 4. Ba4 Nf6 5. d4 exd4 6. O-O Be7 7. e5 Ne4 8.
Nxd4 O-O 9. Nf5 d5 10. Bxc6 bxc6 11. Nxe7+ Qxe7 12. Re1 Re8 13. f3 Nd6 14. b3
Nf5 15. Ba3 Qg5 16. Qd2 Qxd2 17. Nxd2 Nd4 18. Rac1 Bf5 19. g4 Bg6 20. f4 f5 21.
g5 Ne6 22. Rf1 Reb8 23. Rf2 Be8 24. Nf1 Rb5 25. c4 dxc4 26. Rxc4 Rd8 27. Ne3 g6
28. Bc1 Rd3 29. Rf1 c5 30. Rf2 Rb8 31. Rcc2 Rbd8 32. Rf1 Bb5 33. Nc4 Bc6 34.
Nb2 R3d4 35. Be3 Re4 36. Rc3 Kf7 37. h4 Rd5 38. Rf2 Rd7 39. Kh2 Rd8 40. Kg3 Rd7
41. Bxc5 Re1 42. Be3 Rg1+ 43. Kh3 Be4 44. Rc1 Rxc1 45. Bxc1 Rd5 46. Be3 Bb1 47.
a3 Rb5 48. b4 a5 49. Nd1 axb4 50. Rb2 Bd3 51. axb4 Rb8 52. Kg3 Ra8 53. Kf2 Ke8
54. Ke1 Ra1 55. Kd2 Be4 56. Nf2 Bf3 57. b5 Ra4 58. Nd3 Ra1 59. Nf2 Ra4 60. Kd3
Ra3+ 61. Kd2 Ra4 62. Nd3 Ra1 63. Nc5 Nxc5 64. Bxc5 Rh1 65. Bf2 Rd1+ 66. Kc3 Be4
67. Rd2 Rxd2 68. Kxd2 Kd7 69. Kc3 Bb7 70. Kd4 Be4 71. Kc5 Bb7 72. Be1 Be4 73.
Ba5 Bf3 74. e6+ Kxe6 75. Bxc7 Kd7 76. Kb6 Kc8 77. Be5 Be4 78. Ka7 Bf3 79. b6
Be4 80. Ka6 Bb7+ 81. Kb5 Kd7 82. Kc5 Be4 83. Kd4 Bb7 84. Bf6 Ke6 85. Bd8 Be4
86. Bc7 Bb7 87. h5 Be4 88. h6 Bb7 89. Kc5 Kd7 90. Be5 Be4 91. Bf6 Bb7 92. Kc4
Be4 93. Kd4 Ke6 1/2-1/2

[Event "DFEM 2003"]
[Site "Altenkirchen"]
[Date "2003.08.02"]
[Round "9"]
[White "Vollak, Marleen"]
[Black "Skibbe, Diana"]
[Result "0-1"]
[WhiteElo "1454"]
[BlackElo "2105"]
[PlyCount "54"]

1. d4 Nf6 2. c4 e6 3. Nc3 b6 4. Bg5 Be7 5. Nf3 Bb7 6. e3 O-O 7. Bd3 d6 8. O-O
Nbd7 9. Re1 c5 10. Rc1 h6 11. Bh4 a6 12. Nd2 Rc8 13. a3 Re8 14. b4 cxb4 15.
axb4 d5 16. c5 a5 17. Rb1 axb4 18. Rxb4 Ba8 19. Ne2 bxc5 20. dxc5 Nxc5 21. Bb5
Rf8 22. Rb1 Nfe4 23. Bxe7 Qxe7 24. Nf4 Nc3 25. Qg4 Qg5 26. Qxg5 hxg5 27. Nxd5
Bxd5 0-1

[Event "DFEM 2003"]
[Site "Altenkirchen"]
[Date "2003.08.02"]
[Round "9"]
[White "Liebs, Hannelore"]
[Black "Dietzen, Corinna"]
[Result "1-0"]
[WhiteElo "2109"]
[BlackElo "1643"]
[PlyCount "37"]

1. d4 Nf6 2. Nc3 d6 3. e4 g6 4. Bg5 Bg7 5. e5 dxe5 6. dxe5 Qxd1+ 7. Rxd1 Ng4 8.
h3 Nxf2 9. Kxf2 Bxe5 10. Nd5 f6 11. Nf3 Bd6 12. Be3 c6 13. Nxf6+ exf6 14. Rxd6
Kf7 15. Bc4+ Kg7 16. Rhd1 Bf5 17. Rxf6 Kxf6 18. Bd4+ Ke7 19. Bxh8 1-0

[Event "DFEM 2003"]
[Site "Altenkirchen"]
[Date "2003.08.02"]
[Round "9"]
[White "Fried, Annika"]
[Black "Willrodt, Sonja"]
[Result "1/2-1/2"]
[WhiteElo "1686"]
[BlackElo "1980"]
[PlyCount "87"]

1. e4 e6 2. d4 d5 3. exd5 Qxd5 4. Nf3 Nf6 5. Bd3 c5 6. Nc3 Qd8 7. O-O Nc6 8.
Ne2 a6 9. c3 cxd4 10. Nexd4 Nxd4 11. Nxd4 Qc7 12. Re1 Be7 13. Qf3 O-O 14. Bf4
Bd6 15. Bxd6 Qxd6 16. Re2 Nd5 17. g3 g6 18. Rae1 Nb4 19. Bb1 Nc6 20. Nxc6 bxc6
21. Re3 Bb7 22. Rd1 Qc7 23. Qe4 c5 24. Qe5 Qb6 25. b3 Rad8 26. Bd3 Rd5 27. Qf6
Rfd8 28. Kf1 R8d7 29. Ke2 Qd6 30. c4 Rd4 31. Qe5 Qb6 32. Ra1 Qb4 33. Be4 Qd2+
34. Kf1 Bxe4 35. Rxe4 Qd3+ 36. Re2 Qf3 37. Kg1 Rd1+ 38. Rxd1 Rxd1+ 39. Re1 Rd2
40. Qxc5 Rxa2 41. Qe3 Qc6 42. Rd1 Qc7 43. Qd4 Qb7 44. Qd8+ 1/2-1/2

[Event "DFEM 2003"]
[Site "Altenkirchen"]
[Date "2003.08.02"]
[Round "9"]
[White "Vogel, Heike"]
[Black "Nattermüller, Irina"]
[Result "1-0"]
[WhiteElo "2162"]
[BlackElo "2166"]
[PlyCount "77"]

1. d4 c5 2. c3 e6 3. Bf4 d5 4. e3 Nf6 5. Nd2 Bd6 6. Bg3 Qc7 7. f4 Nc6 8. Qf3
Bd7 9. Bd3 Qb6 10. Rb1 Qc7 11. Ne2 Qb6 12. Bf2 Qc7 13. O-O O-O 14. Bh4 Be7 15.
Bg5 Rfc8 16. g4 Ne8 17. Qh3 g6 18. Bxe7 Nxe7 19. Qh4 Qd8 20. Rf3 Nc6 21. Qh6 f5
22. gxf5 exf5 23. e4 fxe4 24. Nxe4 c4 25. Ng5 Qe7 26. Bc2 Nf6 27. Ng3 Qg7 28.
Qxg7+ Kxg7 29. f5 Re8 30. Rbf1 h6 31. fxg6 hxg5 32. Rxf6 Be6 33. Nh5+ Kh6 34.
g7+ Kxh5 35. Bg6+ Kg4 36. Bxe8 Rxe8 37. Rxe6 Rg8 38. Rh6 Rxg7 39. Kg2 1-0

[Event "DFEM 2003"]
[Site "Altenkirchen"]
[Date "2003.08.02"]
[Round "9"]
[White "Ulms, Sandra"]
[Black "Hund, Isabel"]
[Result "1-0"]
[WhiteElo "2155"]
[BlackElo "2091"]
[PlyCount "53"]

1. d4 Nf6 2. c4 g6 3. Nc3 Bg7 4. e4 d6 5. Be2 O-O 6. Bg5 Nbd7 7. Qd2 e5 8. d5
Nc5 9. f3 Qd7 10. g4 Ne8 11. Nh3 f6 12. Be3 Na4 13. Nxa4 Qxa4 14. b3 Qd7 15.
O-O-O a6 16. Bd3 b5 17. c5 c6 18. Bc2 Bb7 19. dxc6 Qxc6 20. b4 a5 21. Bb3+ Kh8
22. Kb1 axb4 23. Qxb4 Nc7 24. Rxd6 Na6 25. Qd2 Qc8 26. Rc1 Rd8 27. c6 1-0

[Event "DFEM 2003"]
[Site "Altenkirchen"]
[Date "2003.08.02"]
[Round "9"]
[White "Wraga, Teresa"]
[Black "Klein, Annette"]
[Result "0-1"]
[WhiteElo "1563"]
[BlackElo "2076"]
[PlyCount "68"]

1. e4 e6 2. d3 d5 3. Nd2 Nf6 4. Ngf3 c5 5. g3 Nc6 6. Bg2 Be7 7. O-O Qc7 8. Re1
b5 9. e5 Nd7 10. Qe2 Bb7 11. Nf1 a5 12. Bf4 Nb6 13. h4 b4 14. Ng5 Bf8 15. Bh3
Bc8 16. Ne3 h6 17. Ng4 Nd4 18. Qd1 hxg5 19. Bxg5 Be7 20. Nf6+ gxf6 21. exf6 Bd6
22. f4 Bd7 23. c3 Nc6 24. Bxe6 Bxe6 25. f5 Nd8 26. Qg4 Kd7 27. fxe6+ Nxe6 28.
cxb4 axb4 29. b3 Bxg3 30. Re2 Rag8 31. Qf5 Bxh4 32. Rg2 Rxg5 33. Rxg5 Bxg5 34.
Kf2 Qh2+ 0-1

[Event "DFEM 2003"]
[Site "Altenkirchen"]
[Date "2003.08.02"]
[Round "9"]
[White "Fuchs, Antje"]
[Black "Berglitz, Regina"]
[Result "1/2-1/2"]
[WhiteElo "2103"]
[BlackElo "2076"]
[PlyCount "43"]

1. e4 d5 2. exd5 Qxd5 3. Nc3 Qa5 4. d4 c6 5. Nf3 Nf6 6. Bc4 Bf5 7. Bd2 e6 8.
Nd5 Qd8 9. Nxf6+ gxf6 10. Qe2 Nd7 11. O-O-O Qc7 12. Nh4 Bg6 13. g3 O-O-O 14. f4
f5 15. Bc3 Bg7 16. Nxg6 hxg6 17. Rd3 Nb6 18. Bb3 Nd5 19. Bd2 Kb8 20. Rd1 Rd7
21. c4 Nf6 22. Be3 1/2-1/2

[Event "DFEM 2003"]
[Site "Altenkirchen"]
[Date "2003.08.02"]
[Round "9"]
[White "von Herman, Brigitte"]
[Black "Specht, Maria"]
[Result "1-0"]
[WhiteElo "2054"]
[BlackElo "2009"]
[PlyCount "167"]

1. e4 c5 2. c3 d5 3. exd5 Qxd5 4. d4 Nf6 5. Nf3 Bg4 6. Be2 e6 7. O-O Nc6 8. h3
Bh5 9. c4 Qd8 10. dxc5 Bxc5 11. Nc3 h6 12. a3 O-O 13. b4 Bxf3 14. Bxf3 Bd4 15.
Bb2 Rc8 16. c5 a5 17. Qb3 axb4 18. axb4 Be5 19. Nb5 Bxb2 20. Qxb2 Nd5 21. Nd6
Rc7 22. Bxd5 exd5 23. Rad1 d4 24. Rfe1 Qg5 25. Rd3 b6 26. Rg3 Qf6 27. Ne8 Rxe8
28. Rxe8+ Kh7 29. cxb6 Rb7 30. Rf3 Qg6 31. Rg3 Qd6 32. Qc2+ g6 33. b5 Ne7 34.
Qa2 Nf5 35. Rd3 Qxb6 36. Rb3 Qc7 37. Qd2 Nd6 38. Re1 Rxb5 39. Rd3 Nf5 40. Kh1
Qb7 41. Kg1 Qd5 42. Qf4 Rb7 43. Re5 Qc4 44. Rd1 Qc2 45. Rc1 Rb1 46. Rxb1 Qxb1+
47. Kh2 Qb7 48. Re8 Qd5 49. Re5 Qd7 50. Qe4 d3 51. Rd5 Qc7+ 52. f4 h5 53. Rxd3
h4 54. Qf3 Qa7 55. Rd8 Ng3 56. Rd1 Qc5 57. Rb1 Qa7 58. Rd1 Qc5 59. Ra1 Qf5 60.
Re1 Qc5 61. Qg4 Nf5 62. Qf3 Qb4 63. Rd1 Qa4 64. Rc1 Qb4 65. Rc7 Kg7 66. Qc3+
Qxc3 67. Rxc3 Kf6 68. Rc4 Ng3 69. Kg1 Kf5 70. Kf2 Ne4+ 71. Ke3 Ng3 72. Rc5+ Kf6
73. Kf3 Nf5 74. Ra5 Nh6 75. g3 hxg3 76. Kxg3 Kg7 77. Kh4 f6 78. Kg3 Nf5+ 79.
Kf3 Nh4+ 80. Kg4 Ng2 81. Ra7+ Kh6 82. Re7 g5 83. fxg5+ fxg5 84. Re6+ 1-0

[Event "DFEM 2003"]
[Site "Altenkirchen"]
[Date "2003.08.02"]
[Round "9"]
[White "Thiery, Jennifer"]
[Black "Storkebaum, Ulrike"]
[Result "1/2-1/2"]
[WhiteElo "1688"]
[BlackElo "1747"]
[PlyCount "177"]

1. e4 e5 2. Nf3 Nc6 3. Bc4 Nf6 4. Ng5 d5 5. exd5 Na5 6. Bb5+ c6 7. dxc6 bxc6 8.
Be2 h6 9. Nf3 e4 10. Ne5 Bd6 11. f4 exf3 12. Nxf3 O-O 13. d4 Re8 14. O-O Qc7
15. c4 Bg4 16. h3 Bh5 17. Nc3 Bg3 18. Bd2 Rad8 19. b4 Nb7 20. Be1 Ne4 21. Nxe4
Rxe4 22. Bc3 Qe7 23. Bd3 Re3 24. a4 Nd6 25. b5 cxb5 26. cxb5 Ne4 27. Bxe4 Rxc3
28. Bc6 Qe3+ 29. Kh1 Rd3 30. Qc2 Rc3 31. Qd1 Bg6 32. d5 Bc2 33. Qd2 Qxd2 34.
Nxd2 Bc7 35. Rf3 Rxf3 36. Nxf3 Be4 37. Rd1 Bc2 38. Ra1 Be4 39. Rd1 Bg6 40. Kg1
Bc2 41. Ra1 Bb3 42. Kf1 Bxd5 43. Bxd5 Rxd5 44. Ke2 Ba5 45. Rc1 Kf8 46. Ke3 Bb6+
47. Ke4 Rd8 48. h4 f6 49. Kf5 Kf7 50. Kg4 g6 51. Kf4 Re8 52. Re1 Bc7+ 53. Kg4
f5+ 54. Kh3 Re4 55. Rxe4 fxe4 56. Nd4 Bb6 57. Ne2 Kf6 58. Kg4 e3 59. Kf4 g5+
60. hxg5+ hxg5+ 61. Ke4 Ke6 62. Ng3 Kf6 63. a5 Bxa5 64. Kxe3 Ke5 65. Ne2 Bb6+
66. Kf3 Kd5 67. Nc3+ Kc4 68. Ne4 Kxb5 69. Nxg5 a5 70. Ne4 Bd4 71. Ke2 Kb4 72.
Nd2 a4 73. Nb1 Kb3 74. Nd2+ Kc2 75. Nc4 Bc3 76. g4 Kb3 77. Kd3 Bb2 78. g5 Bg7
79. g6 Bh6 80. Nd2+ Kb4 81. Nc4 Kb3 82. Nd2+ Kb2 83. Nc4+ Kb3 84. Nd2+ Kb4 85.
Nc4 Kb3 86. Nd2+ Ka2 87. Nc4 Kb3 88. Nd2+ Ka2 89. Nc4 1/2-1/2